000 00292nam a22001337a 4500
008 171024b xxu||||| |||| 00| 0 eng d
020 _a0871504065
041 _aeng
080 _24TH
_a311
100 _a55
101 _aSTA
245 _aELEMENTARY STATISTICS
_cJOHNSON,R
942 _2udc
_cBK
999 _c35679
_d35679